Vista normal
Vista MARC
Entrada Personal Name
Número de registros utilizados en: 1
001 - CONTROL NUMBER
- control field: 11461
003 - CONTROL NUMBER IDENTIFIER
- control field: DLC
005 - DATE AND TIME OF LATEST TRANSACTION
- control field: 20210511130329.0
008 - FIXED-LENGTH DATA ELEMENTS
- fixed length control field: 800529n| adannaab |a aaa
010 ## - LIBRARY OF CONGRESS CONTROL NUMBER
- LC control number: n 80051024
040 ## - CATALOGING SOURCE
- Original cataloging agency: DLC
- Language of cataloging: eng
- Transcribing agency: DLC
- Modifying agency: DLC
- Modifying agency: Mx-PuUPA
046 ## - SPECIAL CODED DATES
- Birth date: 1921
100 1# - HEADING--PERSONAL NAME
- Personal name: Kell, Walter Gerry,
- Dates associated with a name: 1921-
375 ## - GENDER
- Gender: hombre
377 ## - ASSOCIATED LANGUAGE
- Language code: spa
400 1# - SEE FROM TRACING--PERSONAL NAME
- Personal name: Kell, Walter G.
- Fuller form of name: (Walter Gerry),
- Dates associated with a name: 1921-
670 ## - SOURCE DATA FOUND
- Source citation: His The equities concept and its application to accounting theory, 1952.
670 ## - SOURCE DATA FOUND
- Source citation: His Modern auditing, c1983:
- Information found: CIP t.p. (Walter G. Kell, Ph.D., CPA, Univ. of Mich.)
670 ## - SOURCE DATA FOUND
- Source citation: Auditoría interna, 1987 :
- Information found: portada (Walter G. kell)